Almost Useless TV Trivia Quiz Stats

 Plays Quiz Updated Nov 27, 2018

Challenge
Share
Tweet
Embed
Score 0/22 Timer 05:00
3 Plays Today
% Correct
Friends
96.4%
Scooby-Doo, Where Are You!
95.6%
Game of Thrones
93.9%
Sherlock
92.8%
The Addams Family
91.2%
The Flintstones
89.6%
The Fresh Prince of Bel-Air
87.8%
Lassie
86.3%
New Girl
85.5%
Breaking Bad
85.4%
Scrubs
83.8%
% Correct
Parks and Recreation
83.5%
Mad Men
77.8%
Roseanne
77.2%
Gilmore Girls
75.3%
Portlandia
73.4%
The Walking Dead
73%
Pretty Little Liars
69.9%
Friday Night Lights
69.1%
Buffy the Vampire Slayer
68.5%
Gossip Girl
66.6%
That '70s Show
66%

You're not logged in!

Compare scores with friends on all Sporcle quizzes.
OR
Log In

You Might Also Like...

Show Comments

Extras

Top Quizzes Today


Score Distribution

Your Account Isn't Verified!

In order to create a playlist on Sporcle, you need to verify the email address you used during registration. Go to your Sporcle Settings to finish the process.

Report this User

Report this user for behavior that violates our Community Guidelines.

Details: